|
|
|
|
| LEADER |
01682nam a22003497a 4500 |
| 001 |
34861 |
| 003 |
BD-DhAAL |
| 005 |
20230124160515.0 |
| 008 |
190722r20212009bg 000 1 ben d |
| 020 |
|
|
|a 9789848882016
|
| 040 |
|
|
|a BD-DhAAL
|c BD-DhAAL
|
| 041 |
|
|
|a ben
|
| 082 |
|
|
|a 853.91
|2 23
|
| 100 |
|
|
|a ফাল্লাচি, ওরিয়ানা
|9 33007
|
| 245 |
1 |
0 |
|a হাত বাড়িয়ে দাও /
|c ওরিয়ানা ফাল্লাচি, অনুবাদিত আনু মুহাম্মদ
|
| 246 |
|
|
|a Haat bariye dao
|
| 246 |
|
|
|a Letter to a child never born
|
| 260 |
|
|
|a ঢাকা :
|b সংহতি,
|c ১৯৯২ [তৃতীয় মুদ্রণ ২০১৮],
|c ২০০৯ [চতুর্থ মুদ্রণ ২০১৮]
|
| 300 |
|
|
|a ৫৫ পৃষ্ঠা ;
|c ১৮ সে. মি.
|
| 500 |
|
|
|a Novel.
|
| 526 |
|
|
|a Residential Campus
GenEd (Residential Campus)
|
| 541 |
|
|
|a Development Book Agency
|e 34861, 40713
|
| 546 |
|
|
|a In Bengali.
|
| 650 |
|
|
|a Pregnancy.
|9 33008
|
| 650 |
|
|
|a Fetus.
|9 33009
|
| 650 |
|
|
|a FICTION / Literary.
|9 33010
|
| 700 |
|
|
|a মুহাম্মদ, আনু
|9 33011
|
| 852 |
|
|
|a Savar Campus Library
|c General Stacks
|
| 942 |
|
|
|2 ddc
|c BK
|
| 999 |
|
|
|c 40942
|d 40942
|
| 952 |
|
|
|0 0
|1 0
|2 ddc
|4 0
|6 853_910000000000000_FAL
|7 0
|9 65708
|a SCL
|b SCL
|c GEN
|d 2019-07-17
|e Development Book Agency
|g 81.00
|l 1
|m 2
|o 853.91 FAL
|p 3020034861
|r 2019-12-10
|s 2019-11-11
|t 1
|v 81.00
|w 2019-07-17
|y BK
|
| 952 |
|
|
|0 0
|1 0
|2 ddc
|4 0
|6 853_910000000000000_FAL
|7 0
|9 72881
|a SCL
|b SCL
|c GEN
|d 2023-01-15
|e Development Book Agency
|g 90.00
|l 2
|m 2
|o 853.91 FAL
|p 3020040713
|r 2025-07-07
|s 2025-07-01
|t 2
|v 90.00
|w 2023-01-15
|y BK
|